000
00336 a2200157 4500
001
180267
020
_a
040
_c
Magnum
100
_a
Blasiis, Rita de
240
1
0
_a
Um menino de oco de arvore
_l
por
245
1
0
_a
Um menino de oco de arvore
362
0
_a
1899
440
1
_a
RHJ
697
_a
MAGNITO: IJ/TEATRO
942
_c
BK
999
_c
180267
_d
180267